Loading...
Strategic management
| Main Author: | |
|---|---|
| Format: | Printed Book |
| Published: |
New delhi
Sonali Publications
2012
|
| Edition: | 1st |
| Subjects: |
| LEADER | 00554nam a22001817a 4500 | ||
|---|---|---|---|
| 003 | OSt | ||
| 020 | |a 9788184114270 | ||
| 082 | |a 658.1412 ANA/ST |b ANA/ST | ||
| 100 | |a Anand Prakash | ||
| 245 | |a Strategic management | ||
| 250 | |a 1st | ||
| 260 | |a New delhi |b Sonali Publications |c 2012 | ||
| 300 | |a 303 | ||
| 650 | |a Vision and Mission | ||
| 700 | |a Anand Prakash | ||
| 942 | |2 ddc |c BK | ||
| 999 | |c 189112 |d 189112 | ||
| 952 | |0 0 |1 0 |2 ddc |4 0 |6 658_141200000000000_ANA_ST_ANA_ST |7 0 |9 195264 |a KAUCBV |b KAUCBV |d 2015-11-11 |g 0.00 |o 658.1412 ANA/ST ANA/ST |r 2015-11-11 |w 2015-11-11 |y BK | ||